000 00419nam a2200157 i 4500
001 90557
003 ES-MaACL
005 20230906180459.0
007 t|
008 050121s1972 sp ||||1| spa d
100 1 _aLecaroz, Antonio S.
_971051
245 1 3 _aLa revolución increada /
_cAntonio S. Lecaroz.
260 _aSevilla :
_b[s.n.,
_c1972]
300 _a149 p. ;
_c20 cm.
852 _aES-MaACL
_jC-48631
_bR.81018
999 _c90557
_d90557